Statistiques concernant Œuvres de Hayao Miyazaki

Cliquez ici pour prendre le quiz!

Statistiques générales

  • Ce quiz a été pris 56 fois
    (11 depuis la dernière actualisation)
  • Le résultat moyen est 9 sur 54

Statistiques - réponses

RôleAnnée de parutionTitre du film% Correct
Réalisateur
Scénariste
2001Le Voyage de Chihiro
88%
Réalisateur
Scénariste
Producteur
1989Kiki la petite sorcière
75%
Réalisateur
Scénariste
2004Le Château ambulant
75%
Réalisateur
Scénariste
1992Porco Rosso
75%
Réalisateur
Scénariste
1986Le Château dans le ciel
63%
Réalisateur
Scénariste
2023Le Garçon et le Héron
63%
Réalisateur
Scénariste
2008Ponyo sur la falaise
63%
Auteur2009Le vent se lève
50%
Réalisateur
Scénariste
2013Le vent se lève
50%
Réalisateur
Scénariste
1988Mon voisin Totoro
50%
Réalisateur
Scénariste
1997Princesse Mononoké
50%
Scénariste2011La Colline aux coquelicots
38%
Réalisateur
Scénariste
1979Le Château de Cagliostro
38%
Auteur1982-1994Nausicaä de la Vallée du Vent
38%
Réalisateur
Scénariste
1984Nausicaä de la Vallée du Vent
38%
Scénariste2010Arrietty : Le Petit Monde des Chapardeurs
13%
Producteur2002Le Royaume des chats
13%
Producteur1994Pompoko
13%
Scénariste1995Si tu tends l’oreille
13%
Réalisateur
Producteur
2006À la recherche d'une maison
0%
Auteur1982À ma sœur
0%
Réalisateur
Producteur
2018Boro la petite chenille
0%
Réalisateur1978Conan, le fils du futur
0%
Auteur1998-1999Des tigres couverts de boue
0%
Auteur1994Dîner dans les airs
0%
Réalisateur1971-1972Edgar de la Cambriole
0%
Réalisateur1980Edgar, le détective cambrioleur
0%
Auteur1989Hikōtei jidai
0%
Animateur1968Horus, prince du Soleil
0%
Auteur2006Illusions de Westall - Une excursion à Tynemouth
0%
Réalisateur2001La Chasse à la baleine
0%
Réalisateur2011La Chasse au trésor
0%
Réalisateur2002La grande excursion de Koro
0%
Auteur1969Le Chat botté
0%
Animateur1969Le Chat botté
0%
Réalisateur2006Le jour où j'ai cultivé une étoile
0%
Auteur1969-1970Le Peuple du désert
0%
Auteur1994Le retour de Hans
0%
Animateur1971Les Joyeux Pirates de l’île au trésor
0%
Scénariste2010Les Souris sumo
0%
Animateur1969Le Vaisseau fantôme volant
0%
Auteur1983Le Voyage de Shuna
0%
Auteur1972L'Île au trésor
0%
Réalisateur2002Machines volantes imaginaires
0%
Réalisateur2002Mei et le Chatonbus
0%
Réalisateur
Producteur
2006Monomon l'araignée d'eau
0%
Réalisateur2010M. Pâte et la princesse Œuf
0%
Auteur1992Notes de rêveries de Hayao Miyazaki
0%
Réalisateur1995On Your Mark
0%
Scénariste
Animateur
1972Panda Petit Panda
0%
Animateur1973Panda Petit Panda : Le Cirque sous la pluie
0%
Réalisateur1984-1985Sherlock Holmes
0%
Producteur1991Souvenirs goutte à goutte
0%
Auteur2015Teppou Samurai
0%

Distribution des résultats

Percentile par nombre de réponses

% des personnes avec chaque résultat

Votre développement - résultats

Vous n’avez pas pris ce quiz depuis la dernière actualisation